000 00488ngm a2200181 i 4500
001 C2-0325245
003 PPAK
005 20180727222112.0
008 140122s2012 my |||| ||||| | vleng d
040 _aPPAK
_beng
_cPPAK
_erda
245 1 0 _aBarbie & the diamond castle
264 1 _aKuala Lumpur :
_bInnoform Media ,
_c2012
336 _2rdacontent
_atext
337 _2rdamedia
_aunmediated
338 _2rdacarrier
_avolume
700 1 _aNichele, Gino,
_ecompile
942 _2ddc
_cDVD
999 _c167561
_d167561